00507nam a2200193 a 4500001001300000003000900013005001700022008004100039020002400080082001600104100002000120245001800140260003900158300000900197500003500206505001200241650004000253700002000293nice12345678IN_TiNIC20260116013146.0050524s1997 usaa grp 000 0 eng  a086554 c276000a222.11bGUN aGunkel, Hermann aG E N E S I S aUSAbMercer University Pressc1997 a477p aincludes index and biblioraphy2 aIndexes aBible O.T. Criticism & Interpretati1 aGunkel, Hermann